Základný kameň druhej slovenskej automobilky už stojí
V druhej polovici júna 2003 bol položený základný kameň nového montážneho závodu automobilky PSA v Trnave za prítomnosti čelných predstaviteľov automobilky, vlády aj mesta. Dobrá infraštruktúra ovplyvnila rozhodnutie Francúzov. O výrobe modelov sa priamo nehovorilo.
Na minha lista:
| Autor principal: | |
|---|---|
| Formato: | Capítulo de Livro |
| Idioma: | eslovaco |
| Assuntos: | |
| Tags: |
Sem tags, seja o primeiro a adicionar uma tag!
|
MARC
| LEADER | 00000naa a2200000 4500 | ||
|---|---|---|---|
| 001 | r049205 | ||
| 005 | 20230921115131.2 | ||
| 041 | 0 | |a slo | |
| 044 | |a SK | ||
| 245 | 1 | 0 | |a Základný kameň druhej slovenskej automobilky už stojí |c Roman Schönwiesner |
| 520 | |a V druhej polovici júna 2003 bol položený základný kameň nového montážneho závodu automobilky PSA v Trnave za prítomnosti čelných predstaviteľov automobilky, vlády aj mesta. Dobrá infraštruktúra ovplyvnila rozhodnutie Francúzov. O výrobe modelov sa priamo nehovorilo. | ||
| 610 | 2 | 0 | |a automobily |
| 610 | 2 | 0 | |a výroba |
| 610 | 2 | 0 | |a infraštruktúra |
| 610 | 2 | 0 | |a modely |
| 610 | 2 | 0 | |a Trnava |
| 610 | 2 | 0 | |a PSA |
| 610 | 2 | 0 | |a Francúzsko |
| 100 | 1 | |a Schönwiesner, Roman | |